000 00637nam a22002057a 4500
005 20251108165922.0
008 250721s1998 xx 000 0 ara d
020 _a9770256498
082 1 4 _aط/363.3/عبا
100 1 _aالعباسي، صلاح الدين
245 1 0 _aمكافحة الحرائق /
264 1 _aالقاهرة :
_bدار المعارف،
_c1998.
300 _a158ص.
490 0 _aمكتبة الكشافة و المرشدات
_v10
650 1 7 _aالحركة الكشفية
650 1 7 _aمكافحة الحرائق
653 _aناشئون كبار (15-18 سنة)
942 _2ddc
_cBK
999 _c34802
_d34802